[Event "Moscow-ch"]
[Site "Moscow"]
[Date "1996.??.??"]
[Round "2"]
[White "Feoktistov, Alexey A"]
[Black "Cherniaev, Alexander"]
[Result "0-1"]
[WhiteElo "2290"]
[BlackElo "2420"]

1.e4 c5 2.Nf3 Nc6 3.Bb5 e6 4.Bxc6 bxc6 5.d3 Ne7 6.e5 Ng6 7.O-O Be7 8.Nc3 O-O
9.Ne4 Qc7 10.Be3 Nxe5 11.Bxc5 Nxf3+ 12.Qxf3 d6 13.Ba3 e5 14.Qh5 f5 15.Nd2 f4
16.Rfe1 Bf5 17.Ne4 Bg6 18.Qd1 f3 19.Re3 fxg2 20.Qg4 Rf5 21.Rg3 Raf8 22.Rxg2 R8f7
23.Nd2 Bh5 24.Qh3 Bg6 25.Re1 Rf4 26.Re3 Bf5 27.Qh5 Qd7 28.Qd1 Bh3 29.Rgg3 Bg4
30.f3 Bh5 31.Qf1 Bh4 32.Qg2 a6 33.c4 Bxg3 34.hxg3 R4f6 35.g4 Bg6 36.Ne4 Bxe4
37.dxe4 c5 38.b3 a5 39.Rd3 Qa7 40.g5 Rg6 41.Qd2 Qe7 42.Bc1 Rf4 43.Qh2 Qxg5+
44.Kf2 Qh4+ 45.Qxh4 Rxh4 46.Ke3 Rh2 47.Rd2 Rxd2 48.Bxd2 h5  0-1

[Event "Moscow Alekhine op"]
[Site "Moscow"]
[Date "1996.??.??"]
[Round "2"]
[White "Lebedev, Vasili"]
[Black "Petrov, Jole"]
[Result "1-0"]
[WhiteElo "2215"]
[BlackElo "2355"]

1.e4 c5 2.Nf3 Nc6 3.Bb5 d6 4.Bxc6+ bxc6 5.h3 Nf6 6.e5 dxe5 7.Nxe5 Qd5 8.Nf3 Ba6
9.d3 c4 10.d4 Qe6+ 11.Be3 Nd5 12.Ne5 h5 13.Nc3 Nxe3 14.fxe3 f6 15.Nf3 Qxe3+
16.Qe2 Qxe2+ 17.Nxe2 g5 18.O-O-O e6 19.Rhe1 Kf7 20.Rf1 Kg6 21.Rde1 Re8 22.Nd2  1-0

[Event "Moscow-ch"]
[Site "Moscow"]
[Date "1996.??.??"]
[Round "3"]
[White "Rosanov, Lev I"]
[Black "Kochetov, Dmitri A"]
[Result "1-0"]
[WhiteElo "2195"]
[BlackElo "2100"]

1.e4 c5 2.Nf3 Nc6 3.Bb5 Nf6 4.e5 Nd5 5.O-O g6 6.Re1 Bg7 7.c3 O-O 8.d4 cxd4
9.cxd4 d6 10.h3 dxe5 11.Bxc6 bxc6 12.Nxe5 c5 13.dxc5 Qa5 14.Nc6 Qc7 15.Qxd5 Bb7
16.Nxe7+ Qxe7 17.Rxe7 Bxd5 18.Nc3 Bxc3 19.bxc3 Rfe8 20.Bg5 Rec8 21.Be3 Re8
22.Rd7 Red8 23.Rxd8+ Rxd8 24.Rd1 Rd7 25.a3 Kf8 26.Bd4 Bc6 27.f3 f5 28.Kf2 Kf7
29.Rb1  1-0

[Event "Moscow Alekhine op"]
[Site "Moscow"]
[Date "1996.??.??"]
[Round "3"]
[White "Kalegin, Evgenij"]
[Black "Lebedev, Vasili"]
[Result "1-0"]
[WhiteElo "2495"]
[BlackElo "2215"]

1.e4 c5 2.Nf3 Nc6 3.Bb5 g6 4.O-O Bg7 5.Bxc6 dxc6 6.d3 e5 7.a3 Bg4 8.b4 cxb4
9.axb4 a5 10.bxa5 Rxa5 11.Rxa5 Qxa5 12.Nbd2 Ne7 13.Nc4 Qc7 14.Ba3 Nc8 15.Ne3 Bxf3
16.Qxf3 Nd6 17.Rb1 Nb5 18.Nc4 Nd4 19.Qe3 Bf8 20.Bxf8 Kxf8 21.f4  1-0

[Event "RUS-Cup2"]
[Site "Moscow"]
[Date "1996.??.??"]
[Round "3"]
[White "Shchekachev, Andrei"]
[Black "Pankratov, A."]
[Result "1-0"]
[WhiteElo "2560"]
[BlackElo "2310"]

1.e4 c5 2.Nf3 Nc6 3.Bb5 g6 4.Bxc6 bxc6 5.O-O Bg7 6.Re1 f6 7.c3 Nh6 8.d4 cxd4
9.cxd4 Nf7 10.Nc3 O-O 11.b3 d6 12.h3 Bd7 13.Bb2 Rc8 14.Rc1 c5 15.Nd5 e6 16.Ne3 cxd4
17.Rxc8 Bxc8 18.Qxd4 Qe7 19.Nd2 Rd8 20.Ndc4 Ba6 21.Ng4 e5 22.Qd3 Qe6 23.Nge3 Bh6
24.Nd5 Rc8 25.Rd1 Kg7 26.Bc3 Rc6 27.Ba5 Bxc4 28.bxc4 f5 29.f3 Qd7 30.Bc3 fxe4
31.Qxe4 Qf5 32.Qe2 Qe6 33.Rb1 Kg8 34.Rb7 Bf8 35.Rxa7 Qc8 36.Kh2 Ra6 37.Rc7 Qd8
38.c5 Ra3 39.Bb4 Ra4 40.Qb5 Rxa2 41.Qc4 Ra8 42.c6 e4 43.Rd7 Qg5 44.f4 Qf5
45.g4 Qe6 46.Ne7+ Qxe7 47.Rxe7 Bxe7 48.c7 Rc8 49.Qc6  1-0

[Event "Moscow-ch"]
[Site "Moscow"]
[Date "1996.??.??"]
[Round "4"]
[White "Stepovoj, Vladimir"]
[Black "Chasovnikova, Eugenia"]
[Result "1-0"]
[WhiteElo "2405"]
[BlackElo "2125"]

1.e4 c5 2.Nf3 Nc6 3.Bb5 g6 4.c3 Bg7 5.d4 cxd4 6.cxd4 Qb6 7.Nc3 Nxd4 8.Nd5 Nxf3+
9.Qxf3 Qd8 10.Bf4 Kf8 11.Bc7 Qe8 12.O-O-O Nf6 13.Nxe7 Bh6+ 14.Kb1 Kg7 15.Bd6 Qd8
16.Qg3 g5 17.h4 Rg8 18.hxg5 Kh8 19.Rxh6 Nxe4 20.Rxh7+ Kxh7 21.Qh4+  1-0

[Event "RUS-Cup2"]
[Site "Moscow"]
[Date "1996.??.??"]
[Round "4"]
[White "Yagupov, Igor"]
[Black "Grigoriants, Sergey"]
[Result "1-0"]
[WhiteElo "2435"]
[BlackElo "2275"]

1.e4 c5 2.Nf3 Nc6 3.Bb5 e6 4.O-O Nge7 5.b3 a6 6.Bxc6 Nxc6 7.Bb2 d6 8.d4 cxd4
9.Nxd4 Bd7 10.Nd2 Qc7 11.Qe2 Nxd4 12.Bxd4 e5 13.Be3 Qxc2 14.Rfc1 Qb2 15.Qd1 Bb5
16.Nc4 Bxc4 17.Rxc4 b5 18.Rc2 Qa3 19.Qd5 Rd8 20.Bb6 Rd7 21.Rf1 Be7 22.Rc8+ Bd8
23.Bxd8 Rxd8 24.Rxd8+ Kxd8 25.Qa8+  1-0

[Event "RUS-Cup2"]
[Site "Moscow"]
[Date "1996.??.??"]
[Round "4"]
[White "Granovski, Aleksandar"]
[Black "Cherniaev, Alexander"]
[Result "1/2-1/2"]
[WhiteElo "2250"]
[BlackElo "2420"]

1.e4 c5 2.Nf3 Nc6 3.Bb5 e6 4.O-O Nge7 5.Re1 Nd4 6.Nxd4 cxd4 7.d3 a6 8.Ba4 g6
9.c3 b5 10.Bb3 Nc6 11.a4 b4 12.Bd5 dxc3 13.bxc3 Bg7 14.Ra2 a5 15.Bxc6 dxc6
16.Be3 Ba6 17.cxb4 axb4 18.Bc5 Bd4 19.Qc1 Rc8 20.Rd1 Qf6 21.Kh1 Qe5 22.Bxb4 c5
23.Rc2 O-O 24.f4 Qd6 25.Be1 f5 26.e5 Qc6 27.Na3 Qxa4 28.Nc4 Rb8 29.Bc3 Bxc4
30.dxc4 Bxc3 31.Rxc3 Rfd8 32.Rd6 Qa2 33.Qd1 Rxd6 34.exd6 Rd8 35.h3 Kf7 36.Kh2 Qa6
37.d7 Ke7 38.Qe1  1/2-1/2

[Event "Moscow-ch"]
[Site "Moscow"]
[Date "1996.??.??"]
[Round "5"]
[White "Fedorov, Vladislav"]
[Black "Stepovoj, Vladimir"]
[Result "1-0"]
[WhiteElo "2430"]
[BlackElo "2405"]

1.e4 c5 2.Nf3 Nc6 3.Bb5 Nf6 4.Nc3 g6 5.O-O Bg7 6.h3 O-O 7.Bxc6 dxc6 8.d3 b6
9.a4 Qc7 10.a5 Ba6 11.Bg5 e5 12.Be3 Rfe8 13.Nd2 Nd7 14.Qb1 Nf8 15.b4 Ne6
16.b5 cxb5 17.Nxb5 Qc6 18.c4 f5 19.f3 Reb8 20.Nc3 f4 21.Bf2 Nd4 22.Nd5 Kf7
23.Bxd4 cxd4 24.Nb4 Qc8 25.Qa2 Bf8 26.c5+ Kf6 27.axb6 axb6 28.Nxa6 bxc5  1-0

[Event "Moscow-ch"]
[Site "Moscow"]
[Date "1996.??.??"]
[Round "5"]
[White "Gelman, Alexander"]
[Black "Umanskaya, Irina"]
[Result "1/2-1/2"]
[WhiteElo "2400"]
[BlackElo "2295"]

1.e4 c5 2.Nf3 Nc6 3.Bb5 e6 4.O-O Nge7 5.Re1 Nd4 6.Bf1 Nec6 7.c3 Nxf3+ 8.Qxf3 Be7
9.d4 cxd4 10.Qg3 Kf8 11.cxd4 Nxd4 12.Nc3 d6 13.Rd1 e5 14.h3 h5 15.f4 Rh6
16.f5 Bh4 17.Qd3 Bg5 18.Nb5 Bxc1 19.Raxc1 Nxb5 20.Qxb5 g6 21.Qxe5 gxf5 22.Qf4 Qf6
23.Rc7 fxe4 24.Qxe4 d5 25.Qxd5 Qb6+ 26.Qc5+ Qxc5+ 27.Rxc5 Be6 28.a3 b6 29.Rc7 Rg6
30.Kh2 Rf6 31.Be2 Rf2  1/2-1/2

[Event "Moscow Alekhine op"]
[Site "Moscow"]
[Date "1996.??.??"]
[Round "5"]
[White "Brylev, Igor"]
[Black "Petrov, Marijan"]
[Result "1/2-1/2"]
[WhiteElo "2255"]
[BlackElo "2390"]

1.e4 c5 2.Nf3 Nc6 3.Bb5 g6 4.O-O Bg7 5.c3 a6 6.Ba4 b5 7.Bc2 e5 8.d3 Nge7
9.Be3 d6 10.a3 O-O 11.b4 cxb4 12.axb4 h6 13.Qd2 Kh7 14.d4 Bg4 15.dxe5 Bxf3
16.exd6 Nc8 17.gxf3 Nxd6 18.Rd1 Nc4 19.Qxd8 Rfxd8 20.Rxd8 Nxd8 21.Bb3 Nxe3
22.fxe3 Ra7 23.Bd5 f5 24.Ra2 fxe4 25.Bxe4 Nf7 26.Kf2 Nd6 27.Bd3 h5 28.f4 Kh6
29.Kf3 Nc8 30.Be4 Nd6 31.Bd3  1/2-1/2

[Event "RUS-Cup2"]
[Site "Moscow"]
[Date "1996.??.??"]
[Round "5"]
[White "Yandemirov, Valeri"]
[Black "Chekhov, Valery A"]
[Result "0-1"]
[WhiteElo "2465"]
[BlackElo "2535"]

1.e4 c5 2.Nf3 Nc6 3.Bb5 d6 4.d4 cxd4 5.Qxd4 Bd7 6.Bxc6 Bxc6 7.Nc3 Nf6 8.Bg5 e6
9.O-O-O Be7 10.Rhe1 O-O 11.Qd2 Qb6 12.Nd4 Rfc8 13.f3 Be8 14.Kb1 Rc4 15.Nce2 Rac8
16.h4 a5 17.g4 a4 18.Ng3 d5 19.Qe3 Rb4 20.b3 axb3 21.Nxb3 Qc7 22.Qd2 Rc4
23.e5 Bb4 24.Qe3 Nd7 25.Re2 Rxc2 26.Nh5 Rxe2 27.Qxe2 Qxe5 28.Qb5 f6 29.Bf4 Bg6+  0-1

[Event "RUS-Cup2"]
[Site "Moscow"]
[Date "1996.??.??"]
[Round "5"]
[White "Komliakov, Viktor"]
[Black "Volzhin, Alexander"]
[Result "1/2-1/2"]
[WhiteElo "2450"]
[BlackElo "2485"]

1.e4 c5 2.Nf3 Nc6 3.Bb5 d6 4.Bxc6+ bxc6 5.O-O Bg4 6.d3 Nf6 7.Nbd2 e5 8.h3 Bh5
9.Nc4 Be7 10.Ne3 O-O 11.Nf5 Ne8 12.Ng3  1/2-1/2

[Event "RUS-Cup2"]
[Site "Moscow"]
[Date "1996.??.??"]
[Round "6"]
[White "Saulin, Dmitri"]
[Black "Shchekachev, Andrei"]
[Result "0-1"]
[WhiteElo "2395"]
[BlackElo "2560"]

1.e4 c5 2.Nf3 Nc6 3.Bb5 g6 4.O-O Bg7 5.Re1 Qb6 6.Na3 Nf6 7.c3 O-O 8.e5 Nd5
9.Bc4 Nc7 10.Bf1 Na6 11.d4 cxd4 12.b4 Nab8 13.Nc4 Qd8 14.b5 Na5 15.Nxa5 Qxa5
16.Qxd4 d6 17.Qh4 dxe5 18.Qxe7 a6 19.bxa6 Nxa6 20.Bc4 Qxc3 21.Qh4 e4 22.Ba3 Qxa3
23.Ng5 h6 24.Nxf7 Rxf7 25.Rxe4 Bxa1 26.Qxh6 Bf5 27.Rh4 Bg7  0-1

[Event "Moscow-ch"]
[Site "Moscow"]
[Date "1996.??.??"]
[Round "6"]
[White "Saulin, Dmitri"]
[Black "Savitskaya, Ekaterina P"]
[Result "1/2-1/2"]
[WhiteElo "2395"]
[BlackElo "2170"]

1.e4 c5 2.Nf3 Nc6 3.Bb5 g6 4.O-O Bg7 5.c3 e5 6.d4 cxd4 7.cxd4 exd4 8.Bf4 Nge7
9.Bd6 O-O 10.Re1 Re8 11.Nbd2 h6 12.Nb3 b6 13.Nbxd4 Bb7 14.Qd3 Nxd4 15.Nxd4 Nc6
16.Nxc6 dxc6 17.Bc4 Qd7 18.e5 b5 19.Bb3 c5 20.Bd5 c4 21.Qf3 Bxd5 22.Qxd5 Rad8
23.Rad1 a6 24.h3 Qf5 25.Rd4 Bf8 26.Qc6 Qc8 27.Qb6 Bxd6 28.Rxd6 Rxd6 29.Qxd6 Qe6
30.Qd2 Kg7 31.Re4 Qe7 32.Qc3 Kg8 33.Qe3 Kg7 34.f4 Qe6 35.Qd2 Qb6+ 36.Kh2 Rd8
37.Qe2 Qe6 38.Re3 Rd4 39.Rf3 h5 40.f5 gxf5 41.Rg3+ Kf8 42.Qxh5 Qxe5 43.Qh6+ Ke7
44.Qxa6 Rd3 45.Qb7+ Ke8 46.Qc8+ Ke7 47.Qb7+ Ke8  1/2-1/2

[Event "RUS-Cup2"]
[Site "Moscow"]
[Date "1996.??.??"]
[Round "7"]
[White "Fedorov, Vladislav"]
[Black "Chekhov, Valery A"]
[Result "0-1"]
[WhiteElo "2430"]
[BlackElo "2535"]

1.e4 c5 2.Nf3 Nc6 3.Bb5 d6 4.O-O Bd7 5.c3 Nf6 6.Re1 a6 7.Ba4 b5 8.Bc2 e5
9.d3 g6 10.Bg5 Bg7 11.Nbd2 h6 12.Bxf6 Qxf6 13.Nf1 O-O 14.Ne3 Qd8 15.a4 Ne7
16.Bb3 Bc6 17.axb5 axb5 18.Rxa8 Qxa8 19.Qa1 Qb7 20.Nd2 Kh7 21.Qa2 f5 22.Ra1 fxe4
23.dxe4 Bxe4 24.Nxe4 Qxe4 25.Qa7 Qf4 26.Rf1 Nf5 27.Nxf5 Qxf5 28.Qe7 c4 29.Ba2 d5
30.Bb1 e4 31.Qc5 d4 32.cxd4 Qxc5 33.dxc5 Bxb2 34.Rd1 b4 35.Bxe4 b3 36.Rd7+ Bg7  0-1

[Event "Moscow Alekhine op"]
[Site "Moscow"]
[Date "1996.??.??"]
[Round "9"]
[White "Bitman, Alexander R"]
[Black "Olenin, Nikolay"]
[Result "1-0"]
[WhiteElo "2210"]
[BlackElo "2380"]

1.e4 c5 2.Nf3 Nc6 3.Bb5 g6 4.O-O Bg7 5.Re1 e5 6.Bxc6 dxc6 7.h3 Ne7 8.d3 b6
9.Nbd2 O-O 10.a3 a5 11.b3 a4 12.Bb2 f6 13.b4 cxb4 14.axb4 b5 15.d4 exd4 16.Bxd4 Be6
17.Ra3 Qc7 18.Qe2 Nc8 19.e5 fxe5 20.Bxe5 Bxe5 21.Nxe5 Bd5 22.c4 bxc4 23.Ndxc4 Nd6
24.Nxd6 Qxd6 25.Nd3 Qf6 26.Qe5 Qf7 27.Qg5 Ra7 28.Re3 Re8 29.Ne5 Qg7 30.Ng4 Rf8
31.b5 Bb3 32.bxc6 Rc7 33.Ne5 Rf5 34.Qd8+ Rf8 35.Qd6 Qe7 36.Qxe7 Rxe7 37.Ra1 Rf5
38.f4 Rxf4 39.Rc1 Rc7 40.Nd3 Rd4 41.Ne5 Bd5 42.Rc2 Kg7 43.Kf2 h5 44.g3 Be4
45.Rce2 Bd5 46.h4 Bb3 47.Rc3 Rb4 48.Rd2 Kf6 49.Rd7 Rc8 50.Rb7 Re4 51.Nd7+ Kf5
52.Rf3+ Ke6 53.Nc5+ Kd5 54.Nxe4 Kxe4 55.c7 Kd5 56.Rc3 Bc4 57.Ke3 Re8+ 58.Kd2 Rc8
59.Ra7 Kd4 60.Rf3 Bb5 61.Rf6 Kc5 62.Rxg6 Bc6 63.Rg5+ Kb4  1-0

[Event "Moscow Alekhine op"]
[Site "Moscow"]
[Date "1996.??.??"]
[Round "9"]
[White "Yandemirov, Valeri"]
[Black "Gorelov, Sergey G"]
[Result "0-1"]
[WhiteElo "2430"]
[BlackElo "2480"]

1.e4 c5 2.Nf3 Nc6 3.Bb5 g6 4.O-O Bg7 5.c3 Nf6 6.Re1 O-O 7.e5 Nd5 8.d4 cxd4
9.cxd4 Nc7 10.Ba4 d6 11.Bxc6 bxc6 12.Nc3 Bg4 13.h3 Bxf3 14.Qxf3 Ne6 15.Be3 dxe5
16.dxe5 Qc7 17.Rac1 Rfd8 18.Nb5 Qa5 19.Qxc6 Qxa2 20.b4 Bxe5 21.Bxa7 Rxa7
22.Rxe5 Rad7 23.Rce1 Rd2 24.Nc3 Qa7 25.Ne4 Rd1 26.Nc5 Qa1  0-1

[Event "RUS-Cup2"]
[Site "Moscow"]
[Date "1996.??.??"]
[Round "9"]
[White "Odeev, Handszar"]
[Black "Mukhametov, Eldar"]
[Result "0-1"]
[WhiteElo "2410"]
[BlackElo "2485"]

1.e4 c5 2.Nf3 Nc6 3.Bb5 d6 4.O-O Bd7 5.Re1 Nf6 6.c3 a6 7.Bf1 Bg4 8.h3 Bh5
9.d3 e6 10.Nbd2 Be7 11.a3 d5 12.b4 O-O 13.Bb2 dxe4 14.dxe4 b5 15.c4 Qb6 16.cxb5 axb5
17.bxc5 Bxc5 18.Qe2 Nd4 19.Bxd4 Bxd4 20.Rab1 Rxa3 21.Rxb5 Qa7 22.g4 Bg6 23.Reb1 Ra2
24.Rb7 Bxf2+ 25.Qxf2 Qxf2+ 26.Kxf2 Nxe4+ 27.Ke3 Nxd2 28.Nxd2 Bxb1 29.Nxb1 Rd8
30.Be2 Rc2 31.Rb3 Rdc8 32.Ba6 Ra8 33.Be2 Rca2 34.Bf3 Rd8 35.Be2 Ra1 36.Kf3 g6
37.Nc3 Rda8 38.Nb5 Rb8 39.Rc3 Rh1 40.Kg2 Re1 41.Bc4 Rc8 42.Kf3 Rh1 43.Kg3 Rd1
44.Kf3 g5 45.Ke2 Rh1 46.Nd6 Rh2+ 47.Kf1 Rc6 48.Ne4 Rb2 49.Ke1 Kg7 50.Nd2 Rc7
51.Ke2 h5 52.Ke3 hxg4 53.hxg4 f5 54.Nf3 Kg6 55.Nd4 Rb4 56.Kd3 Rd7 57.Ke3 f4+
58.Ke4 Rc7 59.Kd3 e5 60.Nb5  0-1

[Event "Moscow-ch"]
[Site "Moscow"]
[Date "1996.??.??"]
[Round "10"]
[White "Bogumil, Pavel"]
[Black "Chasovnikova, Eugenia"]
[Result "1-0"]
[WhiteElo "2395"]
[BlackElo "2125"]

1.e4 c5 2.Nf3 Nc6 3.Bb5 e6 4.Bxc6 dxc6 5.O-O Ne7 6.b3 Ng6 7.Bb2 f6 8.e5 f5
9.d3 Be7 10.Qd2 O-O 11.Nc3 Nh4 12.Nxh4 Bxh4 13.f4 c4 14.Ba3 Rf7 15.bxc4 b5
16.Bc5 bxc4 17.d4 Be7 18.Na4 Bxc5 19.Nxc5 Qd5 20.c3 Rb7 21.Nxb7 Bxb7 22.Rab1 c5
23.Rb5 Rd8 24.Qe2 Rc8 25.Rd1 a6 26.Rxc5 Rxc5 27.dxc5 Qxc5+ 28.Qf2 Qc6 29.h3 Qe4
30.Rd8+ Kf7 31.Rd7+ Kg8 32.Qg3 g6 33.Qg5  1-0

[Event "JUG-chT"]
[Site "Niksic"]
[Date "1996.??.??"]
[Round "?"]
[White "Vojinovic, Goran"]
[Black "Bakic, Rados"]
[Result "0-1"]
[WhiteElo "2420"]
[BlackElo "2445"]

1.e4 c5 2.Nf3 Nc6 3.Bb5 Nf6 4.Qe2 e5 5.c3 Bd6 6.d3 O-O 7.Bg5 a6 8.Ba4 h6
9.Bxf6 Qxf6 10.Nbd2 Bc7 11.Nf1 d6 12.Ne3 Ne7 13.Bb3 Be6 14.Nd2 Rad8 15.O-O Qg6
16.Qf3 Kh8 17.Rfd1 Bc8 18.Qg3 Qxg3 19.hxg3 Be6 20.Ndf1 g6 21.g4 Kg7 22.g3 Rc8
23.Kg2 Rfd8 24.f3 Bb8 25.Rd2 Bc7 26.Rad1 b5 27.Rf2 Bb6 28.f4 c4 29.dxc4 bxc4
30.Bc2 f6 31.Rfd2 Bc5 32.f5 gxf5 33.Nxf5+ Nxf5 34.gxf5 Bf7 35.b4 cxb3 36.Bxb3 Bh5
37.Rb1 Rb8 38.Re1 Bf7 39.Rb1 a5 40.Rdd1 Bh5 41.Re1 Be8 42.Nd2 Bb5 43.Bc4 Ba4
44.Nb3 Bb6 45.Be6 Bc6 46.Kf3 a4 47.Nd2 Ba5 48.Rxb8 Rxb8 49.Nc4 Bc7 50.Rh1 Be8
51.Rd1 Bc6 52.Rh1 Be8 53.Ke2 h5 54.Kd3 Kh6 55.g4 Kg5 56.gxh5 Bxh5 57.Rg1+ Kf4
58.Rg7 Bb6 59.Nxd6 Bf3 60.Nc4 Bxe4+ 61.Ke2 Rd8 62.Nxb6 Bf3+ 63.Ke1 Rd1+ 64.Kf2 e4
65.Nc4 e3+ 66.Nxe3 Rd2+ 67.Ke1  0-1

[Event "JUG-chT"]
[Site "Niksic"]
[Date "1996.??.??"]
[Round "?"]
[White "Tseshkovsky, Vitaly"]
[Black "Ivanovic, Bozidar"]
[Result "1/2-1/2"]
[WhiteElo "2495"]
[BlackElo "2510"]

1.e4 c5 2.Nf3 Nc6 3.Bb5 g6 4.O-O Bg7 5.Re1 Nf6 6.e5 Nd5 7.Nc3 Nc7 8.Bxc6 dxc6
9.h3 O-O 10.d3 b6 11.Bd2 Ne6 12.Ne2 Nd4 13.Nexd4 cxd4 14.Qc1 c5 15.Bh6 Bb7
16.Bxg7 Kxg7 17.Nh2 Qd5 18.f3 f5 19.exf6+ exf6 20.Ng4 g5 21.Re7+ Rf7 22.Re2 Qd7
23.h4 Re7 24.Rxe7+ Qxe7 25.hxg5 fxg5 26.c3 h5 27.Nf2 dxc3 28.bxc3 Re8 29.Ne4 Kg6
30.Qe3 Qe5 31.a4 Bxe4 32.dxe4 Rd8 33.a5 bxa5 34.Rxa5 h4 35.Ra6+ Kh5 36.f4 Qxf4
37.Qxf4 gxf4 38.Rxa7 Rd3 39.Rf7 Kg5 40.e5 Re3 41.c4 Rxe5 42.Rd7 Kg4 43.Rg7+ Rg5
44.Rd7 h3 45.gxh3+ Kxh3+ 46.Kf2 Kg4 47.Rc7 Rh5 48.Rc8 f3 49.Ke3 Re5+ 50.Kf2 Rf5
51.Re8 Kf4 52.Re3 Rh5 53.Rxf3+ Ke4 54.Rg3 Kd4 55.Ke2 Kxc4 56.Kd2 Kb4 57.Kc2 c4
58.Rf3  1/2-1/2

[Event "JUG-chT"]
[Site "Niksic"]
[Date "1996.??.??"]
[Round "?"]
[White "Vujosevic, Vladimir"]
[Black "Bakic, Rados"]
[Result "1-0"]
[WhiteElo "2405"]
[BlackElo "2445"]

1.e4 c5 2.Nf3 Nc6 3.Bb5 Nf6 4.Nc3 e5 5.Bxc6 dxc6 6.Nxe5 Nxe4 7.Nxe4 Qd5 8.O-O Qxe5
9.Re1 Be6 10.d3 Qf5 11.Ng5 Be7 12.Nxe6 fxe6 13.Qe2 Kf7 14.Bd2 Rhe8 15.Bc3 Bf6
16.Qd2 Bg5 17.Qd1 Bf6 18.Re4 Rad8 19.Qe2 b6 20.Re1 Re7 21.Qe3 Rd5 22.Rf4 Qh5
23.g3 Rf5 24.Bxf6 Rxf6 25.Rxf6+ gxf6 26.Qe4 Qh6 27.f4 Qg6 28.Qxc6 h5 29.Kg2 h4
30.Qf3 hxg3 31.hxg3 f5 32.Rh1 Kg7 33.Rh5 Kf6 34.Qe2 Rh7 35.Qe5+  1-0

[Event "JUG-chT"]
[Site "Niksic"]
[Date "1996.??.??"]
[Round "?"]
[White "Cabarkapa, Spasoje"]
[Black "Ivanisevic, Ivan"]
[Result "0-1"]
[WhiteElo "2285"]
[BlackElo "2295"]

1.e4 c5 2.Nf3 Nc6 3.Bb5 g6 4.Bxc6 dxc6 5.d3 Bg7 6.h3 Nf6 7.Nc3 Nd7 8.Be3 e5
9.Qd2 Qe7 10.g4 h6 11.Ne2 Nf8 12.Ng3 b6 13.O-O-O Ne6 14.Kb1 Nd4 15.Ne1 Bd7
16.c3 Ne6 17.Ng2 O-O-O 18.h4 Kb7 19.f3 Bc8 20.Qc1 Ka8 21.Ne1 Rd6 22.h5 Nf4
23.Bxf4 exf4 24.Ne2 g5 25.Nc2 Ba6 26.Ne1 Rhd8 27.Qc2 Bc4 28.Nc1 a5 29.Rh2 Qa7
30.Rhd2 Be6 31.Qa4 b5 32.Qc2 a4 33.Ne2 b4 34.c4 b3 35.axb3 Rb8 36.b4 Rxb4
37.Nc3 Qa5 38.Rc1 Rd8 39.Ka2 Rdb8 40.Rb1 Rb3 41.e5 Bxe5 42.Rdd1 Qb4 43.d4 Bxc4
44.Ka1 Bxd4 45.Rxd4 cxd4 46.Na2 Qb5 47.Qd2 Ra3  0-1

[Event "JUG-ch op"]
[Site "Nis"]
[Date "1996.??.??"]
[Round "5"]
[White "Nevednichy, Vladislav"]
[Black "Spasov, Vasil"]
[Result "1/2-1/2"]
[WhiteElo "2505"]
[BlackElo "2570"]

1.e4 c5 2.Nf3 Nc6 3.Bb5 g6 4.Bxc6 dxc6 5.d3 Bg7 6.h3 Nf6 7.Nc3 Nd7 8.Be3 e5
9.Qd2 Qe7 10.Bh6 f6 11.Bxg7 Qxg7 12.Qe3 Qe7 13.Nd2 Nf8 14.f4 exf4 15.Qxf4 Ne6
16.Qh6 Nd4 17.O-O-O Be6 18.Rhf1 O-O-O 19.Rde1 Rhf8 20.g4 Rf7 21.Rf2 Qc7 22.Ref1 Qe5
23.Rf4 Rdf8 24.Nb3 Nxb3+ 25.axb3 Kd7  1/2-1/2

[Event "NOR-ch"]
[Site "NOR"]
[Date "1996.??.??"]
[Round "9"]
[White "Dannevig, Oystein"]
[Black "Heim, Sverre"]
[Result "1/2-1/2"]
[WhiteElo "2300"]
[BlackElo "2410"]

1.e4 c5 2.Nf3 Nc6 3.Bb5 g6 4.Bxc6 dxc6 5.d3 Bg7 6.h3 Nf6 7.Nc3 O-O 8.Be3 b6
9.Qd2 Re8 10.Bh6 e5 11.g4 b5 12.Bxg7 Kxg7 13.Ne2 a5 14.O-O-O a4 15.Kb1 a3
16.b3 c4 17.g5 Nd7 18.dxc4 bxc4 19.Qc3 Qc7 20.Nc1 cxb3 21.cxb3 c5 22.Nd3 Bb7
23.Nd2 Qd6 24.f3 Qd4 25.Rc1 Rac8 26.Nc4 Ba6 27.Rhd1 Bxc4 28.Qxc4 Red8 29.Qxd4 exd4
30.Rc4 Re8 31.h4 f5 32.exf5 gxf5 33.h5 Re3 34.Ra4 Rc7 35.h6+ Kf7 36.f4 Nb6
37.Rxa3 Nd5 38.Kb2 Re2+ 39.Kc1 Nc3 40.Ne5+ Ke7 41.Rh1 c4 42.bxc4 Rb7 43.Rb3 Rxb3  1/2-1/2

[Event "North Bay op"]
[Site "North Bay"]
[Date "1996.??.??"]
[Round "?"]
[White "Linsky, Oleg"]
[Black "Desjardins, Andreas"]
[Result "1/2-1/2"]
[WhiteElo "2315"]
[BlackElo "2005"]

1.e4 c5 2.Nf3 Nc6 3.Bb5 g6 4.O-O Bg7 5.c3 Nf6 6.Re1 O-O 7.d4 cxd4 8.cxd4 d5
9.e5 Ne4 10.Nc3 Nxc3 11.bxc3 Bd7 12.a4 Na5 13.Ba3 Rc8 14.Ng5 Bxb5 15.axb5 h6
16.Nh3 b6 17.Bb4  1/2-1/2

[Event "Nova Gorica"]
[Site "Nova Gorica"]
[Date "1996.??.??"]
[Round "2"]
[White "Srebrnic, Vojko"]
[Black "Sveshnikov, Evgeny"]
[Result "0-1"]
[WhiteElo "2245"]
[BlackElo "2565"]

1.e4 c5 2.Nf3 Nc6 3.Bb5 e6 4.Bxc6 bxc6 5.O-O Ne7 6.d3 Ng6 7.c4 e5 8.Nc3 Be7
9.Ne1 O-O 10.g4 d6 11.Ng2 Bg5 12.f3 Nh4 13.Nxh4 Bxc1 14.Rxc1 Qxh4 15.Qe1 Qg5
16.Kh1 g6 17.Rc2 Kh8 18.Qc1 Qh4 19.Qe1 Qe7 20.Qg3 f5 21.Rcf2 f4 22.Qg1 g5
23.h3 Rf6 24.Rh2 Rh6 25.Qf2 Be6 26.Na4 Rb8 27.b3 Rh4 28.Kg2 Kg7 29.Rfh1 Kf6
30.Kg1 Qc7 31.Qe1 h5 32.Qd2 Qb7 33.Qe1 Rh8 34.Qd2 Qh7 35.Nc3 Qd7 36.Na4 Qd8
37.Nc3 Rh7 38.Na4 Kg6 39.Qe1 Qc8 40.Qd2 Qd7 41.Qg2 Qd8 42.Qd2 Bc8 43.Qe1 Bd7
44.Qd2 Rh8 45.Qe1 Qb8 46.Qd2 Qb4 47.Qc3 Kf6 48.Kg2 Kg7 49.Kg1 Kg6 50.Kg2 Kf7
51.Kg1 Ke7 52.Kg2 Qb8 53.Qe1 Qc8 54.Qe2 Kd8 55.Kg1 Kc7 56.Qd1 Qb8 57.Qd2 Qb4
58.Qc3 Kb7 59.Kg2 Ka6 60.Kg1 Ka5 61.Qc1 Ka6 62.Kg2 Kb7 63.Kg1 Ka8 64.Kg2 Kb8
65.Kg1 Kc7 66.Kg2 Kd8 67.Kg1 Ke7 68.Kg2 Kf6 69.Kg1 Kg6 70.Kg2 Qa5 71.Kg1 Be6
72.Kg2 Qd8 73.Qd1 Qb8 74.Qd2 Qb4 75.Qc1 Rh7 76.Kg1 Bd7 77.Kg2 Qb8 78.Kg1 hxg4
79.hxg4 Rxh2 80.Rxh2 Rxh2 81.Kxh2 Qh8+ 82.Kg2 Qh4 83.Qh1 Qg3+ 84.Kf1 Bxg4
85.fxg4 Qxd3+ 86.Kf2 Qd2+ 87.Kf1 Qd1+ 88.Kg2 Qe2+ 89.Kh3 Qf2 90.Qh2  0-1

[Event "JUG-chT (Women)"]
[Site "Novi Sad"]
[Date "1996.??.??"]
[Round "?"]
[White "Vuksanovic, Sanja"]
[Black "Micic, Snezana"]
[Result "1-0"]
[WhiteElo "2285"]
[BlackElo "2180"]

1.e4 c5 2.Nf3 Nc6 3.Bb5 e6 4.O-O Nge7 5.c3 a6 6.Be2 d5 7.exd5 Nxd5 8.d4 cxd4
9.Nxd4 Nxd4 10.Qxd4 Qf6 11.Qxf6 gxf6 12.Bf3 Nb6 13.Nd2 f5 14.Re1 Bd6 15.Nb3 O-O
16.Na5 Rb8 17.Bh6 Re8 18.Rad1 Bc7 19.Bc1 e5 20.g3 e4 21.Bg2 Be6 22.g4 Bxa2
23.gxf5 Na4 24.b4 Nxc3 25.Rd2 Rec8 26.Bb2 Be5 27.f4 Bxf4 28.Bxc3 Rxc3 29.Rxa2 b6
30.Rxe4 Be3+ 31.Rxe3 Rxe3 32.Nc6 Rbe8 33.f6 R8e6 34.Ne7+ Kf8 35.Nd5 R3e5
36.Rxa6 Ke8 37.Nc7+  1-0

[Event "JUG-chT (Women)"]
[Site "Novi Sad"]
[Date "1996.??.??"]
[Round "?"]
[White "Cosma, Elena Luminita"]
[Black "Skripchenko, Almira"]
[Result "1/2-1/2"]
[WhiteElo "2295"]
[BlackElo "2390"]

1.e4 c5 2.Nf3 Nc6 3.Bb5 d6 4.O-O e5 5.c3 Nf6 6.Re1 Be7 7.d4 Qc7 8.h3 O-O
9.Bg5 Bd7 10.Na3 a6 11.Bf1 b5 12.Nc2 Qb7 13.d5 Na5 14.Ne3 c4 15.b4 cxb3 16.axb3 Qc7
17.b4 Nc4 18.Bxc4 bxc4 19.Nd2 Bb5 20.g3 Rac8 21.Kg2 Kh8 22.h4  1/2-1/2

[Event "JUG-chT (Women)"]
[Site "Novi Sad"]
[Date "1996.??.??"]
[Round "?"]
[White "Vuksanovic, Sanja"]
[Black "Maksimovic, Suzana"]
[Result "1/2-1/2"]
[WhiteElo "2285"]
[BlackElo "2285"]

1.e4 c5 2.Nf3 Nc6 3.Bb5 g6 4.Bxc6 dxc6 5.h3 Bg7 6.d3 e5 7.Be3 Qe7 8.Qd2 b6
9.Nc3 h6 10.O-O-O Be6 11.g3 O-O-O 12.Qe2 Qb7 13.b3 Nf6 14.Kb1 Ne8 15.Bc1 Nc7
16.Bb2 Rhe8 17.Qe3 Kb8 18.Ne2 Bc8 19.Nd2 Ka8 20.f4 exf4 21.Qxf4 Ne6 22.Qf2 Nd4
23.Nf3 Qd7 24.g4 Re7 25.Rhf1 Qd6 26.Nexd4 cxd4 27.e5 Bxe5 28.Nxe5 Rxe5 29.Qxf7 h5
30.Rf6 Re6 31.Rdf1 hxg4 32.hxg4 g5 33.Qg6 Qd5 34.Bc1 Rxf6 35.Qxf6 Bxg4 36.Bxg5 Re8
37.Qg7 Be6 38.Bf4 Qd7 39.Qg5 Bd5 40.Be5 c5 41.Rg1 Qe6 42.Re1  1/2-1/2

[Event "Oberwart op"]
[Site "Oberwart"]
[Date "1996.??.??"]
[Round "1"]
[White "Baumegger, Siegfried"]
[Black "Wais, Michael"]
[Result "0-1"]
[WhiteElo "2310"]
[BlackElo "1885"]

1.e4 c5 2.Nf3 Nc6 3.Bb5 g6 4.O-O Bg7 5.Re1 e5 6.Bxc6 dxc6 7.d3 Qe7 8.Nbd2 Nh6
9.a3 f6 10.b4 cxb4 11.axb4 O-O 12.Nf1 Nf7 13.Bd2 Bg4 14.h3 Be6 15.Qb1 Qd7
16.Ne3 Ng5 17.Nxg5 fxg5 18.Qd1 Rf4 19.Nf1 Raf8 20.Bxf4 exf4 21.d4 f3 22.Ra3 fxg2
23.Ne3 Bxd4 24.Rd3 Qf7 25.Qe2 Bc4 26.Ng4 Qe6 27.Kxg2 h5 28.Ne3 Bxd3 29.cxd3 Qb3
30.f3 Qxb4 31.Kh1 a5 32.Nc2 Qd6 33.e5 Qd5 34.Nxd4 Qxd4 35.e6 Re8 36.e7 Qd5  0-1

[Event "Oberwart op"]
[Site "Oberwart"]
[Date "1996.??.??"]
[Round "1"]
[White "Lakos, Nikoletta"]
[Black "Lichtenegger, Wolfram"]
[Result "1-0"]
[WhiteElo "2280"]
[BlackElo "1855"]

1.e4 c5 2.Nf3 Nc6 3.Bb5 e6 4.Bxc6 bxc6 5.e5 g6 6.Nc3 Bg7 7.Ne4 Qc7 8.d4 cxd4
9.Nd6+ Kf8 10.Qxd4 Ne7 11.g4 Nd5 12.Qe4 f6 13.exf6 Bxf6 14.Nxc8 Rxc8 15.c4 Nb4
16.O-O Qd6 17.Bh6+ Ke7 18.Rad1 Qc5 19.a3 d5 20.Qe2 Na6 21.cxd5 Nc7 22.d6+  1-0